[Event "Foz do Iguacu op 5th"]
[Site "Foz do Iguacu"]
[Date "2015.06.07"]
[Round "6"]
[White "De Mattos, Cesar Augusto"]
[Black "Dacak, Franklin Paul Gomez"]
[Result "1/2-1/2"]
[WhiteElo "1800"]
[BlackElo "1698"]
[PlyCount "121"]
[EventDate "2015.06.05"]
[EventType "swiss"]
[EventRounds "6"]
[EventCountry "BRA"]
[SourceTitle "CBM 166 Extra"]
[Source "ChessBase"]
[SourceDate "2015.06.18"]
[SourceVersion "1"]
[SourceVersionDate "2015.06.18"]
[SourceQuality "1"]

1. d4 Nf6 2. c4 e6 3. g3 Bb4+ 4. Bd2 Qe7 5. Nf3 Nc6 6. Bg2 Ne4 7. 0-0 0-0 8. a3 Bxd2 9. Nbxd2 f5 10. e3 d5 11. cxd5 exd5 12. Qb3 Qd6 13. Rac1 Ne7 14. Nxe4 fxe4 15. Ne5 Kh8 16. Rc2 c6 17. f3 exf3 18. Rcf2 Ng6 19. Nxf3 Qe7 20. Qc2 Bf5 21. Qd2 Be4 22. b4 a6 23. Ne5 Nxe5 24. dxe5 Bxg2 25. Kxg2 Kg8 26. Rxf8+ Rxf8 27. Rxf8+ Kxf8 28. Qd4 Qg5 29. Kf3 Qh5+ 30. Kg2 Qe2+ 31. Kh3 Qf1+ 32. Kh4 Qf5 33. Qf4 Qxf4+ 34. gxf4 b6 35. Kg4 c5 36. bxc5 bxc5 37. Kf3 g6 38. Ke2 Kf7 39. Kd3 Ke6 40. e4 dxe4+ 41. Kxe4 a5 42. a4 h6 43. h4 h5 44. Kd3 Kd5 45. Kc2 Ke6 46. Kc3 Kd5 47. Kd3 c4+ 48. Kc3 Kc5 49. Kd2 Kd5 50. Kc2 Kc5 51. Kd2 Kd5 52. Ke3 Kc5 53. Ke4 Kb4 54. e6 c3 55. e7 c2 56. e8Q c1Q 57. Qb5+ Ka3 58. Ke5 Qe3+ 59. Kf6 Qxf4+ 60. Kxg6 Qxh4 61. Qxa5 1/2-1/2

[Event "Foz do Iguacu op 5th"]
[Site "Foz do Iguacu"]
[Date "2015.06.07"]
[Round "5"]
[White "Farhat, Mohamed Abdallah"]
[Black "De Mattos, Cesar Augusto"]
[Result "0-1"]
[WhiteElo "1768"]
[BlackElo "1800"]
[PlyCount "44"]
[EventDate "2015.06.05"]
[EventType "swiss"]
[EventRounds "6"]
[EventCountry "BRA"]
[SourceTitle "CBM 166 Extra"]
[Source "ChessBase"]
[SourceDate "2015.06.18"]
[SourceVersion "1"]
[SourceVersionDate "2015.06.18"]
[SourceQuality "1"]

1. d4 Nf6 2. c4 g6 3. Nc3 d5 4. f3 c5 5. dxc5 d4 6. Nb5 Nc6 7. Bd2 a6 8. Na3 e5 9. b4 e4 10. fxe4 Nxe4 11. Nf3 Bg4 12. g3 Bg7 13. Rc1 0-0 14. Bg2 d3 15. e3 Nxd2 16. Qxd2 Re8 17. 0-0 Bh6 18. Rfe1 Bxf3 19. Bxf3 Nd4 20. Bd1 Ne2+ 21. Rxe2 dxe2 22. Qxd8 e1Q+ 0-1

[Event "Umuarama JOJUPS Cup"]
[Site "Umuarama"]
[Date "2013.??.??"]
[Round "1"]
[White "Biagini, Guilherme Albach"]
[Black "De Mattos, Cesar Augusto"]
[Result "1-0"]
[WhiteElo "1800"]
[BlackElo "1800"]
[PlyCount "81"]
[EventDate "2013.10.19"]
[EventType "team-swiss"]
[EventRounds "6"]
[EventCountry "BRA"]
[SourceTitle "EXT 2014"]
[Source "ChessBase"]
[SourceDate "2013.11.20"]
[SourceVersion "1"]
[SourceVersionDate "2013.11.20"]
[SourceQuality "1"]
[WhiteTeam "Ponta Grossa"]
[BlackTeam "Foz do Iguacu"]
[WhiteTeamCountry "BRA"]
[BlackTeamCountry "BRA"]

1. d4 Nf6 2. c4 d5 3. cxd5 Nxd5 4. e4 Nb6 5. Nc3 g6 6. h3 Bg7 7. Nf3 0-0 8. Be2 Nc6 9. Be3 e6 10. a3 a5 11. b3 Ne7 12. 0-0 c5 13. Rc1 cxd4 14. Nxd4 e5 15. Ndb5 Nd7 16. Na4 Nc6 17. Bf3 f5 18. exf5 gxf5 19. Bd5+ Kh8 20. f3 f4 21. Bf2 Bf6 22. Qe2 Bg5 23. Rfd1 Qf6 24. Nc7 Nd4 25. Bxd4 exd4 26. Nxa8 Ne5 27. N8b6 Bf5 28. Be4 Rg8 29. Kh2 Bh4 30. Bxf5 Qxf5 31. Rc5 Bg3+ 32. Kh1 Re8 33. Qb5 Qh5 34. Nd7 Qxh3+ 35. gxh3 Nxf3 36. Ne5 Nxe5 37. Qxe8+ Kg7 38. Qxe5+ Kf7 39. Rxd4 f3 40. Rc7+ Kf8 41. Qh8# 1-0

[Event "Umuarama JOJUPS Cup"]
[Site "Umuarama"]
[Date "2013.??.??"]
[Round "4"]
[White "De Mattos, Cesar Augusto"]
[Black "Casola, Thiago Antonio Ross"]
[Result "1-0"]
[WhiteElo "1800"]
[BlackElo "1755"]
[PlyCount "61"]
[EventDate "2013.10.19"]
[EventType "team-swiss"]
[EventRounds "6"]
[EventCountry "BRA"]
[SourceTitle "EXT 2014"]
[Source "ChessBase"]
[SourceDate "2013.11.20"]
[SourceVersion "1"]
[SourceVersionDate "2013.11.20"]
[SourceQuality "1"]
[WhiteTeam "Foz do Iguacu"]
[BlackTeam "Umuarama"]
[WhiteTeamCountry "BRA"]
[BlackTeamCountry "BRA"]

1. d4 d5 2. c4 dxc4 3. Nc3 Bf5 4. e4 Bg6 5. Bxc4 Nf6 6. Bd3 Nc6 7. Nf3 e6 8. Bg5 h6 9. Bh4 Be7 10. 0-0 0-0 11. Bc2 Nb4 12. Rc1 Nxc2 13. Qxc2 Ng4 14. Bg3 h5 15. h4 c5 16. Rfd1 c4 17. Qe2 b5 18. Nxb5 a6 19. Nc3 Rc8 20. d5 exd5 21. Nxd5 Bc5 22. e5 Re8 23. Rxc4 Qa5 24. b4 Bxb4 25. Rxb4 Rc5 26. Rdd4 Rd8 27. Ne7+ Kf8 28. Nxg6+ fxg6 29. Rxd8+ Ke7 30. Rb7+ Ke6 31. Ng5+ 1-0

[Event "Umuarama JOJUPS Cup"]
[Site "Umuarama"]
[Date "2013.??.??"]
[Round "5"]
[White "De Mattos, Cesar Augusto"]
[Black "Teixeira, Alan Jose De Olivei"]
[Result "0-1"]
[WhiteElo "1800"]
[BlackElo "1872"]
[PlyCount "80"]
[EventDate "2013.10.19"]
[EventType "team-swiss"]
[EventRounds "6"]
[EventCountry "BRA"]
[SourceTitle "EXT 2014"]
[Source "ChessBase"]
[SourceDate "2013.11.20"]
[SourceVersion "1"]
[SourceVersionDate "2013.11.20"]
[SourceQuality "1"]
[WhiteTeam "Foz do Iguacu"]
[BlackTeam "Curitiba"]
[WhiteTeamCountry "BRA"]
[BlackTeamCountry "BRA"]

1. d4 d5 2. c4 c6 3. Nc3 Nf6 4. Bg5 e6 5. a3 Nbd7 6. cxd5 exd5 7. e3 Bd6 8. Nf3 0-0 9. Bd3 Qc7 10. Rc1 Qb8 11. Bc2 h6 12. Bh4 Re8 13. Qd3 Ne4 14. Nd2 Ndf6 15. Bxf6 Nxf6 16. Nf3 Bg4 17. Nh4 Qd8 18. h3 Bd7 19. Nf5 Bc7 20. 0-0 Ne4 21. Ng3 Bxg3 22. fxg3 Qg5 23. Rf3 Re7 24. Rcf1 Rae8 25. Kh2 f5 26. Ne2 Nd6 27. Nf4 Nc4 28. Qb3 b5 29. Re1 Nd2 30. Qd3 Nxf3+ 31. gxf3 h5 32. h4 Qh6 33. b4 g5 34. hxg5 Qxg5 35. e4 h4 36. Ne2 hxg3+ 37. Kg2 Rh7 38. Nxg3 f4 39. exd5 Qxg3+ 40. Kf1 Rh1# 0-1